Soft Skills for the Trainers (Record no. 177829)

MARC details
000 -LEADER
fixed length control field 00369nam a22001697a 4500
005 - DATE AND TIME OF LATEST TRANSACTION
control field 20260615154942.0
020 ## - INTERNATIONAL STANDARD BOOK NUMBER
ISBN 9789351611967
041 ## - LANGUAGE CODE
Language code of text/sound track or separate title English
082 ## - DEWEY DECIMAL CLASSIFICATION NUMBER
Classification number 001 R25 GIR
100 ## - MAIN ENTRY--AUTHOR NAME
Personal name Girotra Tanu
245 ## - TITLE STATEMENT
Title Soft Skills for the Trainers
250 ## - EDITION STATEMENT
Edition statement 01
260 ## - PUBLICATION, DISTRIBUTION, ETC. (IMPRINT)
Place of publication New Delhi
Name of publisher Sultan Chand
Year of publication 2025
300 ## - PHYSICAL DESCRIPTION
Number of Pages 125
365 ## - TRADE PRICE
Price amount 200.00
942 ## - ADDED ENTRY ELEMENTS (KOHA)
Koha item type Books
Holdings
Withdrawn status Lost status Home library Current library Shelving location Date acquired Cost, normal purchase price Full call number Accession Number Cost, replacement price Department Koha item type
    PSG-CAS LIBRARY PSG-CAS LIBRARY Reference 15/06/2026 200.00 001 R25 GIR 154408 200.00 General Books

Contact Us:

PSGCAS LIBRARY
Phone: 04224303300
Website: http://www.psgcas.ac.in/ | Email: psgcaslib@gmail.com


You are Visitor Number

web counter